Abbreviatory Processes in Business English bakalárska práca

Na minha lista:
Detalhes bibliográficos
Autor principal: Daško, Filip
Autor Corporativo: Fakulta aplikovaných jazykov EU v Bratislave. Katedra jazykovedy a translatológie
Outros Autores: Kapráliková, Ivana, 1974-
Formato: Livro
Idioma:inglês
Publicado em: Bratislava 2021
Tags: Adicionar Tag
Sem tags, seja o primeiro a adicionar uma tag!

MARC

LEADER 00000nbm a2200000 4500
001 0278123
005 20220216083739.6
041 0 |a eng 
044 |a SK 
245 1 0 |a Abbreviatory Processes in Business English  |b bakalárska práca  |c Filip Daško ; školiteľ: Ivana Kapráliková 
264 1 |a Bratislava  |c 2021 
300 |a 38 s. 
100 1 |a Daško, Filip 
700 1 |a Kapráliková, Ivana, 1974- 
710 2 |a Fakulta aplikovaných jazykov EU v Bratislave. Katedra jazykovedy a translatológie